• 首页
  • 本馆介绍
  • 公告通知
  • 最新文献
  • 馆藏检索
  • 电子资源
  • 读者导购
  • 参考咨询
  • 我的图书馆
  • 登录
  • 详细信息显示
  • 放入我的书架
  • 预约/预借图书
  • 作者相关作品
  • 分类相关作品
  • 丛书相关作品
  • 出版社相关作品

书目信息

  • 表格格式
  • 工作单格式
  • 卡片格式
题名:
黄帝内经精粹
    
 
作者: 周学兵 注译
分册:  
出版信息: 成都   天地出版社  2017
页数: 12,365页
开本: 23cm
丛书名:
单 册:
中图分类: R221.02
科图分类:
主题词:
电子资源:
ISBN: 978-7-5455-2389-8
000 00905nam0 2200241 450
001 012001002276
005 20140926114740.0
010    @a978-7-5455-2389-8@b线装@dCNY39.80
100    @a20170619d2017 em y0chiy50 ea
101 0  @achi
102    @aCN@b510000
105    @aa z 000yy
106    @ar
200 1  @a黄帝内经精粹@9huang di nei jing jing cui@f周学兵注译
210    @a成都@c天地出版社@d2017
215    @a12,365页@c图@d23cm
330    @a本书着意遴选出文意相对浅显且能反映中医学术思想特点的篇章和段落加以注译。另外,为了便于读者理解《黄帝内经》的精髓,我们结合现今社会的常见疾病,从精血、经络、病因、病机、病证、诊法、治法、养生学、运气学等诸多方面精选相关篇目,以期给读者以切实有用的指导。
605    @a《内经》@x注释
605    @a《内经》@x译文
690    @aR221.02@v5
701  0 @a周学兵@9zhou xue bing@4注译
801  0 @aCN@b上海新华@c20180901
905    @b1157765-9@dR221.02@e427@f5
    
    黄帝内经精粹/周学兵注译.-成都:天地出版社,2017
    12,365页:图;23cm
    
    
    ISBN 978-7-5455-2389-8(线装):CNY39.80
    本书着意遴选出文意相对浅显且能反映中医学术思想特点的篇章和段落加以注译。另外,为了便于读者理解《黄帝内经》的精髓,我们结合现今社会的常见疾病,从精血、经络、病因、病机、病证、诊法、治法、养生学、运气学等诸多方面精选相关篇目,以期给读者以切实有用的指导。
●
相关链接 在E读中查询图书 在五车中查询图书 在当当中查询图书 在豆瓣中查询图书


正题名:黄帝内经精粹     索取号:R221.02/427         预约/预借

序号 登录号 条形码 馆藏地/架位号 状态 备注
1 1157765   211577658   第二样本阅览室/ [索取号:R221.02/427] 在馆    
2 1157766   211577667   第三借阅区/ [索取号:R221.02/427] 在馆    
3 1157767   211577676   第三借阅区/ [索取号:R221.02/427] 在馆    
4 1157768   211577685   第三借阅区/ [索取号:R221.02/427] 在馆    
5 1157769   211577694   第三借阅区/ [索取号:R221.02/427] 在馆    
唐山师范学院图书馆 欢迎您!
大连网信软件有限公司© 版权所有